000 01059nam a2200277 a 4500
001 BRCA_7039
005 20190320205703.0
008 031212s2012----u--a######---#000-0#eng-#
020 _a9781606061176
041 _aeng
044 _au
050 4 _aNX501.5
_b.S87 2012
245 1 0 _aSurrealism in Latin America
_bvivísimo muerto
_cedited by Dawn Ades, Rita Eder, and Graciela Speranza.
260 _aLos Angeles
_bGetty Research Institute
_c2012
300 _avii, 224 p.
_bil.
_c26 cm.
440 0 _aIssues & debates
_917492
500 _aVivísimo Muerto: Debates on Surrealism in Latin America, un simposio realizado en the Getty Research Institute (Los Ángeles), 25-26 junio, 2010.
504 _aIncluye referencias bibliográficas e índice
650 1 4 _aSurrealismo
_zAmérica Latina
_917493
650 1 4 _aArte en América Latina
_ySiglo XX-XXI
_917494
700 1 _aAdes, Dawn
_eed.
_94902
700 1 _aEder, Rita
_eed.
_917495
700 1 _aSperanza, Graciela
_d1957-
_eed.
_917496
710 2 _aGetty Research Institute
_917497
942 _2lcc
_cB
999 _c6720
_d6720